| 000 | 00000nam 2200000za 4500 |
| 001 | 9.677579 |
| 003 | CaOODSP |
| 005 | 20221107134437 |
| 007 | cr ||||||||||| |
| 008 | 150407s2015 xxc|||||o f|0| 0 fre d |
| 020 | |a978-0-660-23404-5 |
| 040 | |aCaOODSP|bfre |
| 043 | |an-cn--- |
| 086 | 1 |aCH24-45/2015F-PDF |
| 245 | 00|aFonds Canada 150 |h[ressource électronique] : |bguide du demandeur, lignes directrices du programme et formulaire de demande. |
| 260 | |a[Ottawa] : |bPatrimoine canadien |c[2015]. |
| 300 | |a24, iii p. : |btableau, glossaire. |
| 500 | |aPublié aussi en anglais sous le titre : Canada 150 fund - applicant’s guide 2015-2016, program guidelines and application form. |
| 710 | 1 |aCanada. |bPatrimoine canadien. |
| 775 | 08|tCanada 150 fund |w(CaOODSP)9.629986 |
| 856 | 40|qPDF|s443 Ko|uhttps://publications.gc.ca/collections/collection_2015/pc-ch/CH24-45-2015-fra.pdf |